000 00432nam a2200193Ia 4500
001 19249
003 GE_BSU
008 181216s||||||||xx |||||||||||||| ||und||
040 _cGE_BSU
245 4 _aThe Economist.№9009. 2016
245 _b1st-7TH
260 _aLondon
260 _bEconomist
260 _c2016
300 _a81p,ill,col,27cm
653 _aThe Economist
653 _aპერიოდიკა
942 _cCR
999 _c52241
_d52241